| 000 | 01130nam a2200313 c 4500 | ||
|---|---|---|---|
| 003 | BLK | ||
| 005 | 20180420224420.0 | ||
| 008 | 180408b bul|||||r ||||||| ||bul|| | ||
| 010 | _aKNG00083492000 | ||
| 020 |
_a978-954-90045-3-3 _bиздат.: Култура |
||
| 040 | _aBLK | ||
| 041 |
_aBUL _cBUL _hARM |
||
| 080 |
_aАрменска литература _b821.19 _x-93-34 _z821.19-93-34 |
||
| 700 | 1 |
_aХачерян, Силва _eпрев. _9298994 |
|
| 700 | 1 |
_aМаркарова, Вержиния _eил. _9298995 |
|
| 139 |
_aХилядократния _bХ 49 |
||
| 245 | 1 | 0 |
_aХилядократния _bАрм. нар. приказка _cпрев. Силва Хачерян; ил. Вержиния Маркарова. |
| 257 | _aBGR | ||
| 260 |
_аСофия _bКултура _c2007 |
||
| 300 |
_a8 с. _bс ил. _c28 см |
||
| 380 | _aDX | ||
| 490 | 1 |
_aПоредица Културни паралели _v2 |
|
| 500 | _aПарал. текст на арм. ез. | ||
| 852 | _aЦб ІІ 15221 | ||
| 856 | 4 |
_qpdf _u |
|
| 856 | 4 |
_qpdf _u |
|
| 942 |
_cKNG _n0 |
||
| 944 |
_aCR _c23.04.2008 _kВаля_Йорданова |
||
| 944 |
_aED _c23.04.2008 _k |
||
| 999 |
_c79022 _d79022 |
||